banner-ar

ENERGIE ET TIERS - MONDE NON PETROLIER DE LA PROBLEMATIQUE GENERALE A L'ETUDE DU CAS MAROCAIN / (Record no. 20621)

MARC details
000 -الفاتح
حقل البيانات ثابتة الطول 00591nam a2200193Ia 4500
008 - عناصر البيانات ثابتة الطول - معلومات عامة
حقل البيانات ثابتة الطول 140319s9999 xx 000 0 eng d
040 ## - مصدر الفهرسة
وكالة الفهرسة الأصلية GCL /
وكالة النسخ GCL
082 04 - رقم تصنيف ديوى العشرى
رقم التصنيف 338.9
رقم المادة L E
100 1# - المدخل الرئيسى - إسم شخصى
الإسم الشخصى NEZHA, LAHRICHI BENAMOUR
245 10 - بيان العنوان
العنوان ENERGIE ET TIERS - MONDE NON PETROLIER DE LA PROBLEMATIQUE GENERALE A L'ETUDE DU CAS MAROCAIN /
بيان المسئوليه,etc NEZHA, LAHRICHI BENAMOUR
260 ## - PUBLICATION, DISTRIBUTION, ETC. (IMPRINT)
تاريخ النشر أو التوزيع 1985
300 ## - الوصف المادى
التعداد 840 P
650 04 - المدخل الاضافى بالموضوع-مصطلح موضوعى
مصطلح موضوعي ECONOMICS
650 04 - المدخل الاضافى بالموضوع-مصطلح موضوعى
مصطلح موضوعي ECONOMIC PLANNING
650 04 - المدخل الاضافى بالموضوع-مصطلح موضوعى
مصطلح موضوعي ECONOMIC SITUATION
650 04 - المدخل الاضافى بالموضوع-مصطلح موضوعى
مصطلح موضوعي MOROCCO - ECONOMY
942 ## - عناصر المدخل الإضافي( كوها)
مصدر التصنيف او مخطط الترفيف Dewey Decimal Classification
Koha [default] item type كتاب
260 ## - PUBLICATION, DISTRIBUTION, ETC. (IMPRINT)
-- [S.N] :
-- EDITIONS MAGHREBINES ،
Holdings
حالة التراجع حالة الفقد حالة تلف ليس للاعارة المكان المؤقت الموقع الحالى تاريخ الاكتساب اجمالي اﻻعارات رقم الطلب الباركود تاريخ اخر مشاهدة تاريخ تفعيل السعر نوع وعاء كوها
        مكتبة القاهرة الكبرى مكتبة القاهرة الكبرى 03/26/2014   338.9\L E 38564 03/26/2014 03/26/2014 كتاب

Powered By

EGPV